000 00760nam a2200241Ia 4500
003 OSt
005 20220925183753.0
006 a|||||r|||| 00| 0
007 ta
008 220923b |||||||| |||| 00| 0 eng d
037 _cGeneral Book
040 _aRTL
_cRTL
_beng
041 _2eng
_aeng
082 _aV2,31p N88, M8
110 _aINDIA, LOK SABHA (8TH)
_9259297
245 0 _aLok sabha debates (eng. version) twelfth session
260 _aDelhi
_bLok Sabha Secretariat
_c1988
300 _aiv,146p.,iii,198p., iii,322p., v,202p
_ccm.
490 _aeight sreies V45.no.21.,V45,no.22.,V45,no.23., V45, no.24
700 _aINDIA, LOK SABHA (8TH)
_9259298
942 _hV2,31p N88, M8
_cGB
_2CC
999 _c505791
_d505791